CA Foundation Examination of the Institute of Chartered Accountants of Pakistan / (Record no. 595209)

000 -LEADER
fixed length control field 01109nam a22001457a 4500
040 ## - CATALOGING SOURCE
Transcribing agency 0
082 ## - DEWEY DECIMAL CLASSIFICATION NUMBER
Classification number 153.94,ICA
245 ## - TITLE STATEMENT
Title CA Foundation Examination of the Institute of Chartered Accountants of Pakistan /
250 ## - EDITION STATEMENT
Edition statement Paper A 3
260 ## - PUBLICATION, DISTRIBUTION, ETC.
Place of publication, distribution, etc. Pakistan
Name of publisher, distributor, etc. Foulks Lynch
300 ## - PHYSICAL DESCRIPTION
Extent 312 p
505 ## - FORMATTED CONTENTS NOTE
Formatted contents note Economic concepts (Page-1), Economics Systems (Page-16), Demand and Supply (Page-23), Analysis of Consumer Behaviour (Page-42), Elasticity of Demnad and Supply, Measurement Types and Importance (Page-59), Theory of Firm (Page-72), Equilibrium of Firm and Industry (Page-91), Factors of Production (Page-116), Macroecomomic Environment (Page-129), Consumpution, Saving & Investment Functions (Page-140), Government & the Economy Unemployment & Inflation (Page-162), Government & the Economy business Cycles, Growth and Development (Page-178), Fiscal Policy (Page-198), Monetary and Interest Rate Poicy (Page-212), Money (Page-223), Banking System and Financial Intermediaries (Page-242), International Trade (Page-285).
650 ## - SUBJECT ADDED ENTRY--TOPICAL TERM
Topical term or geographic name entry element Introduction to Economics and Finance
9 (RLIN) 113536
942 ## - ADDED ENTRY ELEMENTS (KOHA)
Source of classification or shelving scheme
Koha item type Book
Holdings
Withdrawn status Lost status Source of classification or shelving scheme Damaged status Not for loan Permanent Location Current Location Shelving location Date acquired Full call number Barcode Date last seen Price effective from Koha item type Public note
          Military College of Signals (MCS) Military College of Signals (MCS) General Stacks 07/11/2023 153.94,ICA MCS38738 07/11/2023 07/11/2023 Book Almirah Fresh No.44, Shelf No.3
© 2023 Central Library, National University of Sciences and Technology. All Rights Reserved.